000 00633nam a2200217 i 4500
001 105674
003 ES-MaACL
005 20250717065512.0
007 t|
008 060803s1964 it ||||1| ita d
080 _a329.285
100 1 _aCaffi, Andrea.
_933419
245 1 0 _aSocialismo libertario /
_cAndrea Caffi ; a cura di Gino Bianco.
260 _aMilano :
_bEdizioni Azione Comune,
_c[1964]
300 _a91 p. ;
_c21 cm.
500 _aBiblioteca Juan Andrade.
650 7 _aAnarquismo
_2embne
_99783
700 1 _aBianco, Gino.
_928751
852 _aES-MaACL
_jAND-490
_bR.109802
999 _c105674
_d105674